000
00229nam a2200109Ia 4500
100
_a
#N/A
942
_c
BK
654
_a
lean manufacturing
245
_a
Lean Manufacturing for the small shop
260
_b
#N/A
546
_a
ENGLISH
999
_c
33443
_d
33443